|
|
|
|
| LEADER |
01487nam a22003374a 4500 |
| 001 |
36292 |
| 003 |
BD-DhAAL |
| 005 |
20250917213104.0 |
| 008 |
191014t2009 maua b 001 0 eng |
| 010 |
|
|
|a 2004046345
|
| 020 |
|
|
|a 9781577666301
|
| 020 |
|
|
|a 1577666305
|
| 020 |
|
|
|a 0205366724
|
| 040 |
|
|
|a DLC
|c DLC
|d DLC
|d BD-DhAAL
|
| 042 |
|
|
|a pcc
|
| 050 |
0 |
0 |
|a LB3051
|b .B254 2005
|
| 082 |
0 |
0 |
|a 371.26
|2 22
|
| 100 |
1 |
|
|a Banks, Steven R.
|9 35946
|
| 245 |
1 |
0 |
|a Classroom assessment :
|b issues and practices /
|c Steven R. Banks.
|
| 260 |
|
|
|a Long Grove, Ill. ;
|a Boston :
|b Waveland Press ;
|b Pearson/A and B,
|c c 2005, 2009.
|
| 300 |
|
|
|a xvi, 344 pages :
|b illustrations ;
|c 22 cm.
|
| 500 |
|
|
|a Originally published: Boston : Pearson/A and B, 2005.
|
| 504 |
|
|
|a Includes bibliographical references and index.
|
| 526 |
|
|
|a BIED
|
| 541 |
|
|
|a Complimentary copy from BIED
|e 36292, 37781
|
| 650 |
|
0 |
|a Educational tests and measurements.
|9 35947
|
| 852 |
|
|
|a Ayesha Abed Library
|c BIED Collection
|
| 942 |
|
|
|2 ddc
|c BK
|
| 999 |
|
|
|c 41533
|d 41533
|
| 952 |
|
|
|0 0
|1 0
|2 ddc
|4 0
|6 371_260000000000000_BAN
|7 0
|9 66702
|a BRACUL
|b BRACUL
|c GEN
|d 2019-10-14
|e Complimentary copy from BIED
|l 0
|o 371.26 BAN
|p 3010036292
|r 2019-10-14
|t 1
|w 2019-10-14
|y BK
|x Transferred from BIED to General Stacks
|
| 952 |
|
|
|0 0
|1 0
|2 ddc
|4 0
|6 371_260000000000000_BAN
|7 0
|9 69838
|a BRACUL
|b BRACUL
|c GEN
|d 2022-02-20
|e Complimentary copy from BIED
|l 0
|o 371.26 BAN
|p 3010037782
|r 2022-02-20
|t 2
|w 2022-02-20
|y BK
|x Transferred from BIED to General Stacks
|